<?xml version="1.0" encoding="UTF-8"?>
<marc:record xmlns:marc="http://www.loc.gov/MARC21/slim">
   <marc:leader>00000nam a2200000 a 4500</marc:leader>
   <marc:datafield ind1=" " ind2=" " tag="653">
      <marc:subfield code="a">Softcover / Kinder- und Jugendbücher/Erzählerische Bilderbücher</marc:subfield>
   </marc:datafield>
   <marc:datafield ind1="0" ind2="0" tag="245">
      <marc:subfield code="a">Die wilden Zwerge</marc:subfield>
   </marc:datafield>
   <marc:datafield ind1="0" ind2="0" tag="245">
      <marc:subfield code="c">Meyer-Lehmann-Schulze. Bilder von Susanne Göhlich</marc:subfield>
   </marc:datafield>
   <marc:datafield ind1=" " ind2="1" tag="264">
      <marc:subfield code="a">Leipzig</marc:subfield>
      <marc:subfield code="b">Klett Kinderbuch</marc:subfield>
      <marc:subfield code="c">2012</marc:subfield>
   </marc:datafield>
   <marc:datafield ind1=" " ind2=" " tag="250">
      <marc:subfield code="a">1. Aufl.</marc:subfield>
   </marc:datafield>
   <marc:datafield ind1="1" ind2=" " tag="520">
      <marc:subfield code="a">Angaben aus der Verlagsmeldung

Die Hochzeit / von Meyer, Lehmann, Schulze

Bitte heirate mich,nur ein einziges Mal!
Die wilden Zwerge sind aufgeregt: Ihre Erzieherin Frau Koslowski will heiraten!
Und weil die Zwerge allesamt bei der Verliebung dabei waren (wir erinnern an den Bademeister „Im Schwimmbad“), sollen sie nun auch bei der Hochzeit nicht fehlen. Zur Übung heiraten sie im Kindergarten schon mal selber. Dabei wird sogar der Rabauke Richard zum galanten jungen Bräutigam. Nur einer findet das Ganze überhaupt nicht spaßig: Konstantin. Der hat nämlich selbst ein Auge auf die Braut geworfen.
</marc:subfield>
   </marc:datafield>
   <marc:datafield ind1=" " ind2=" " tag="020">
      <marc:subfield code="a">9783941411555</marc:subfield>
      <marc:subfield code="9">9783941411555</marc:subfield>
   </marc:datafield>
   <marc:datafield ind1=" " ind2=" " tag="041">
      <marc:subfield code="a">ger</marc:subfield>
   </marc:datafield>
   <marc:datafield ind1=" " ind2=" " tag="300">
      <marc:subfield code="a">ca. 32] S.</marc:subfield>
   </marc:datafield>
</marc:record>
